Rizikové faktory pri vybraných technologických operáciách výroby protipožiarnych dverí

Saved in:
Bibliographic Details
Main Author: Prachová, Michaela (Author)
Other Authors: Soldán, Maroš (Thesis advisor)
Format: Manuscript Book
Language:Slovak
Published: 2019
Subjects:
Online Access:http://is.stuba.sk/zp/portal_zp.pl?podrobnosti=153038
Tags: Add Tag
No Tags, Be the first to tag this record!

MARC

LEADER 00000ntm a22000003a 4500
001 stuzp71391
003 SK-STU
005 20190905112316.3
007 ta
008 150427s2015----xo-----f-mn---000-0-slo-d
035 |a biblio/134377  |2 CREPC2 
040 |a STU  |b slo 
041 0 |a slo 
044 |a xo 
100 1 |a Prachová, Michaela  |u 065000  |k Z9  |4 aut  |9 100  |U MTF Materiálovotechnologická fakulta  |T MTF Ústav integrovanej bezpečnosti  |X 82222  |U M5000  |Y 85  |7 82222 
242 0 1 |a Risk factors of selected technological operations of fire-fighting door production  |y eng 
245 1 0 |a Rizikové faktory pri vybraných technologických operáciách výroby protipožiarnych dverí 
260 |c 2019 
300 |a 138 s. 
650 4 |a bezpečnosť  |2 slo 
650 4 |a ochrana  |2 slo 
650 4 |a zdravie  |2 slo 
650 4 |a prostredie  |2 slo 
650 4 |a faktory  |2 slo 
650 4 |a práca  |2 slo 
650 4 |a safety  |2 eng 
650 4 |a protection  |2 eng 
650 4 |a health  |2 eng 
650 4 |a environment  |2 eng 
650 4 |a factors  |2 eng 
650 4 |a work  |2 eng 
700 1 |a Soldán, Maroš  |u 065000  |k Z1  |4 ths  |U MTF Materiálovotechnologická fakulta  |T MTF Ústav integrovanej bezpečnosti  |X 2878  |U M5000  |Y 85  |7 A000002878 
856 4 |u http://is.stuba.sk/zp/portal_zp.pl?podrobnosti=153038 
996 |c M* DzP-647  |l MMSKP  |s P  |a 0  |w stuzp71391_0001